| 000 | 00809nam a2200253 i 4500 | ||
|---|---|---|---|
| 001 | 107859 | ||
| 003 | ES-MaACL | ||
| 005 | 20250915063049.0 | ||
| 007 | t| | ||
| 008 | 061121s1961 sp r ||||1| spa d | ||
| 040 | _cES-MaACL | ||
| 100 | 1 |
_aMontanelli, Indro, _d1909-2001 _9242260 _eaut |
|
| 240 | _aStoria dei greci | ||
| 245 | 1 | 0 |
_aHistoria de los griegos / _cIndro Montanelli ; [traducción de Domingo Pruna]. |
| 250 | _aPrimera edición | ||
| 260 |
_aBarcelona [etc.] : _bPlaza y Janés, _c1961. |
||
| 300 |
_a373 páginas ; _c23 cm. |
||
| 651 | 4 |
_98777 _aGrecia- _xHistoria |
|
| 700 | 1 |
_aPruna, Domingo _994081 _etrl |
|
| 852 |
_aES-MaACL _jA-3112 _bR.47831 _9111957 _cSPP1 |
||
| 942 |
_cMONOGRAFIA _n0 |
||
| 999 |
_c107859 _d107859 |
||